[Event "Campeonato Brasileiro Amador 2015"]
[Site "Esporte Clube Pinheiros, São P"]
[Date "2015.05.02"]
[Round "4.76"]
[White "Ivanovic, Sebastian"]
[Black "Queiroz, Stella Becker"]
[Result "1/2-1/2"]
[WhiteElo "1424"]
[BlackElo "1728"]
[PlyCount "62"]
[EventDate "2015.04.30"]

1. d4 d5 2. c4 e6 3. Nf3 Nf6 4. Nc3 Be7 5. cxd5 exd5 6. e3 c6 7. Bd3 Bg4 8. O-O
O-O 9. h3 Bh5 10. g4 Bg6 11. Bxg6 hxg6 12. Re1 Nbd7 13. g5 Ne4 14. h4 Kh7 15.
Qc2 Re8 16. Nxe4 dxe4 17. Nd2 f5 18. f4 Bb4 19. a3 Bxd2 20. Bxd2 Qe7 21. Kg2
Nb6 22. Rh1 Qf7 23. Rh3 Rh8 24. Bb4 Nd5 25. Qb3 Qd7 26. Rah1 Kg8 27. h5 gxh5
28. Rxh5 Rxh5 29. Rxh5 Qf7 30. Rh3 Qg6 31. Ba5 b6 1/2-1/2

[Event "Campeonato Brasileiro Amador 2015"]
[Site "Esporte Clube Pinheiros, São P"]
[Date "2015.05.02"]
[Round "4.78"]
[White "Arduini, Leonardo Adolfo"]
[Black "Alves, Sidney David"]
[Result "1-0"]
[WhiteElo "1716"]
[BlackElo "1495"]
[PlyCount "35"]
[EventDate "2015.04.30"]

1. d4 e6 2. Bf4 d5 3. a3 c5 4. c3 Nc6 5. e3 cxd4 6. exd4 Nf6 7. Nf3 Be7 8. Bd3
O-O 9. O-O a5 10. Nbd2 a4 11. Qc2 Bd7 12. Rfe1 Na5 13. Be5 g6 14. h4 h5 15.
Bxg6 fxg6 16. Qxg6+ Kh8 17. Ng5 Qe8 18. Qh7# 1-0

[Event "Campeonato Brasileiro Amador 2015"]
[Site "Esporte Clube Pinheiros, São P"]
[Date "2015.05.02"]
[Round "4.81"]
[White "Federzoni, Enzo"]
[Black "Lukjanenko Callegari, Lucca"]
[Result "1-0"]
[WhiteElo "1677"]
[BlackElo "1320"]
[PlyCount "63"]
[EventDate "2015.04.30"]

1. e4 g6 2. d4 Bg7 3. Nc3 d6 4. f3 a6 5. Be3 Nf6 6. Qd2 O-O 7. Bd3 b5 8. Bh6 c5
9. d5 Qa5 10. h4 Bxh6 11. Qxh6 b4 12. Nce2 b3+ 13. Nc3 bxc2 14. Bxc2 Nbd7 15.
h5 Nxh5 16. e5 f5 17. g4 dxe5 18. gxh5 Kf7 19. Qxh7+ Ke8 20. Qxg6+ Kd8 21. Nge2
Qb6 22. O-O-O Qxg6 23. hxg6 Nf6 24. g7 Rg8 25. Rh8 Kc7 26. Bb3 Kd6 27. Rdh1 Bb7
28. Ng3 Bxd5 29. Nxf5+ Ke6 30. Bxd5+ Nxd5 31. Nxd5 Rxg7 32. Nxg7+ 1-0

[Event "Campeonato Brasileiro Amador 2015"]
[Site "Esporte Clube Pinheiros, São P"]
[Date "2015.05.02"]
[Round "4.89"]
[White "Primo E Silva, Beatriz"]
[Black "Andor, Jorge"]
[Result "1/2-1/2"]
[WhiteElo "1467"]
[BlackElo "1761"]
[PlyCount "85"]
[EventDate "2015.04.30"]

1. d4 Nf6 2. c4 g6 3. Nc3 Bg7 4. e4 d6 5. f3 O-O 6. Bg5 Nbd7 7. Qd2 e5 8. d5 a5
9. a4 Re8 10. g4 Nc5 11. Ra3 Qe7 12. h4 Qf8 13. Nb5 Na6 14. h5 b6 15. hxg6 fxg6
16. Qh2 h5 17. Qh4 Bd7 18. Ne2 c6 19. Nbc3 Nb4 20. Kd1 hxg4 21. fxg4 cxd5 22.
cxd5 Rac8 23. Nb1 Rc4 24. Bxf6 Qxf6 25. g5 Bxa4+ 26. Rxa4 Qf3 27. Ra3 Qxe4 28.
Qxe4 Rxe4 29. Rg1 Rc8 30. Bh3 Rc2 31. Be6+ Kf8 32. Rf1+ Ke8 33. Bf7+ Kd8 34.
Bxg6 Rcxe2 35. Bxe4 Rxe4 36. Rf7 Rd4+ 37. Ke2 Re4+ 38. Kf3 Rf4+ 39. Rxf4 exf4
40. Kxf4 Bxb2 41. Rb3 Be5+ 42. Ke4 Kc7 43. Na3 1/2-1/2

[Event "Campeonato Brasileiro Amador 2015"]
[Site "Esporte Clube Pinheiros, São P"]
[Date "2015.05.02"]
[Round "4.91"]
[White "Hoshino, Meilin"]
[Black "De Sousa, Fabiana"]
[Result "0-1"]
[WhiteElo "1361"]
[BlackElo "1612"]
[PlyCount "42"]
[EventDate "2015.04.30"]

1. d4 d5 2. c4 e6 3. Nc3 Nf6 4. Bg5 Be7 5. Nf3 h6 6. Bh4 Nbd7 7. e3 b5 8. Bd3
Bb7 9. O-O O-O 10. Rb1 Ne4 11. Bxe7 Qxe7 12. Rc1 Rac8 13. cxd5 exd5 14. Qc2 c5
15. Qb1 Ndf6 16. Rfe1 Ng4 17. Nxe4 dxe4 18. Nd2 exd3 19. Qxd3 Qh4 20. Nf1 Qxf2+
21. Kh1 Qxg2# 0-1

[Event "Campeonato Brasileiro Amador 2015"]
[Site "Esporte Clube Pinheiros, SÃ£o P"]
[Date "2015.05.02"]
[Round "4.98"]
[White "Pimenta, Breno Andrade"]
[Black "Ferreira, Ana Luiza Cassoni Bu"]
[Result "1-0"]
[WhiteElo "1686"]
[BlackElo "1218"]
[PlyCount "95"]
[EventDate "2015.04.30"]

1. d4 Nf6 2. c4 g6 3. Nc3 Bg7 4. e4 d6 5. Be3 O-O 6. Qd2 Nbd7 7. f3 e5 8. d5 b6
9. Bh6 Bb7 10. O-O-O a6 11. Bxg7 Kxg7 12. g4 Qe7 13. h4 h5 14. Bh3 hxg4 15.
fxg4 Rh8 16. Nf3 Nc5 17. Qe3 a5 18. h5 Rag8 19. h6+ Kf8 20. Rdf1 Ke8 21. Rf2 c6
22. Rhf1 Nh7 23. g5 Rf8 24. b3 f6 25. Nh4 Rhg8 26. gxf6 Rxf6 27. Rxf6 Nxf6 28.
Qf3 Nh7 29. Qg3 Qg5+ 30. Qxg5 Nxg5 31. Bg2 Nd3+ 32. Kd2 Nf4 33. Ke3 Rf8 34. Rg1
Rf6 35. Bf3 Nxf3 36. Nxf3 Kf7 37. Ng5+ Kg8 38. Na4 b5 39. cxb5 cxb5 40. Nb6 Nh5
41. Rc1 Rf8 42. Rc7 Ba8 43. Ra7 Bxd5 44. Nxd5 Nf6 45. Nxf6+ Rxf6 46. h7+ Kh8
47. Ra8+ Kg7 48. h8=Q# 1-0

[Event "Campeonato Brasileiro Amador 2015"]
[Site "Esporte Clube Pinheiros, SÃ£o P"]
[Date "2015.05.02"]
[Round "5.1"]
[White "Rodrigues, Leonardo De Miranda"]
[Black "Fonseca, Luis Ernesto Serra A"]
[Result "1-0"]
[WhiteElo "2111"]
[BlackElo "2038"]
[PlyCount "67"]
[EventDate "2015.04.30"]

1. e4 c5 2. Nf3 d6 3. d4 cxd4 4. Nxd4 Nf6 5. Nc3 g6 6. Be3 Bg7 7. Be2 Nc6 8.
O-O O-O 9. Nb3 Be6 10. f4 Qd7 11. Kh1 Rab8 12. Qe1 Rfd8 13. Rd1 Qc8 14. Nd4 Ng4
15. Bxg4 Bxg4 16. Rd2 Na5 17. Nd5 Qd7 18. Rd3 b6 19. Qh4 Be6 20. b4 Bxd5 21.
exd5 Bf6 22. Qg3 Bxd4 23. Bxd4 Nc4 24. Qh4 Qf5 25. Qxe7 Rd7 26. Qf6 Qxf6 27.
Bxf6 Re8 28. a4 Rc7 29. h3 Re2 30. Rc3 Kf8 31. Rd1 Ke8 32. Rd4 Re1+ 33. Kh2 Ne3
34. Rxc7 1-0

[Event "Campeonato Brasileiro Amador 2015"]
[Site "Esporte Clube Pinheiros, SÃ£o P"]
[Date "2015.05.02"]
[Round "5.2"]
[White "Campos, Igor Ribeiro"]
[Black "Carstens Dobuchak, Thiago"]
[Result "1-0"]
[WhiteElo "2182"]
[BlackElo "2014"]
[PlyCount "133"]
[EventDate "2015.04.30"]

1. a3 e5 2. e3 d5 3. d4 Nd7 4. c4 exd4 5. Qxd4 dxc4 6. Bxc4 Ngf6 7. Nf3 Bc5 8.
Qc3 O-O 9. Nbd2 Qe7 10. b4 Bd6 11. Bb2 Nb6 12. Bb3 Be6 13. O-O Bxb3 14. Qxb3
Kh8 15. Nd4 Qd7 16. Rad1 c6 17. e4 Qc7 18. Qh3 a5 19. Rfe1 Rfe8 20. b5 Be5 21.
N2f3 Nc4 22. Ba1 c5 23. Nxe5 cxd4 24. Nxc4 Qxc4 25. e5 Nd5 26. Bxd4 Qxb5 27.
Qf5 Re7 28. Re4 Ra6 29. e6 Qb3 30. Rf1 f6 31. Rh4 h6 32. Rh5 Rd6 33. Bc5 Rexe6
34. Bxd6 Rxd6 35. Rh3 Qc4 36. Re1 Qc6 37. Rb3 b6 38. h4 Nc7 39. Qc8+ Kh7 40.
Rg3 Rd7 41. Rge3 Qd5 42. Rc1 Ne6 43. g3 Nd4 44. Qc3 Ne6 45. Rce1 Rd6 46. Qc2+
Kg8 47. Qc8+ Kf7 48. h5 Rc6 49. Qb7+ Kf8 50. Rxe6 Qxe6 51. Rxe6 Rxe6 52. Qc8+
Kf7 53. Qd7+ Re7 54. Qd5+ Re6 55. Kg2 Ke7 56. Qb7+ Kf8 57. Kf3 f5 58. Kf4 Rf6
59. Ke5 Kg8 60. a4 Kf8 61. Qc8+ Ke7 62. Qc7+ Kf8 63. Qd8+ Kf7 64. f4 Re6+ 65.
Kxf5 Re3 66. g4 Rc3 67. Qxb6 1-0

[Event "Campeonato Brasileiro Amador 2015"]
[Site "Esporte Clube Pinheiros, SÃ£o P"]
[Date "2015.05.02"]
[Round "5.3"]
[White "Nery Junior, Jose Antonio"]
[Black "Awoki, Daniel Teidi"]
[Result "0-1"]
[WhiteElo "2151"]
[BlackElo "1993"]
[PlyCount "100"]
[EventDate "2015.04.30"]

1. e4 c5 2. Nf3 Nc6 3. d4 cxd4 4. Nxd4 g6 5. Nc3 Bg7 6. Nxc6 bxc6 7. Bc4 Qc7 8.
O-O Nf6 9. f4 O-O 10. e5 Ne8 11. Qe2 d6 12. e6 d5 13. exf7+ Rxf7 14. Bd3 e5 15.
fxe5 Rxf1+ 16. Qxf1 Bxe5 17. h3 Ng7 18. Ne2 Bf5 19. Bf4 Rf8 20. Bxe5 Qxe5 21.
Qf4 Qxb2 22. Qd4 Qxd4+ 23. Nxd4 Bxd3 24. cxd3 c5 25. Nc6 Rf7 26. Rc1 Ne6 27.
Re1 Nf4 28. Re8+ Kg7 29. Ne5 Rc7 30. Kf2 c4 31. dxc4 dxc4 32. g3 Nxh3+ 33. Ke3
Ng5 34. Kd4 Nf7 35. Kc3 Nxe5 36. Rxe5 Kf6 37. Rb5 g5 38. a4 Kg6 39. a5 Kh5 40.
a6 Kg4 41. Rb7 Rc6 42. Rxh7 Rxa6 43. Rh1 Kxg3 44. Rg1+ Kf4 45. Rf1+ Ke3 46. Rg1
Rg6 47. Rg4 Kf3 48. Rxc4 g4 49. Rc7 Rf6 50. Kd2 Kf2 0-1

[Event "Campeonato Brasileiro Amador 2015"]
[Site "Esporte Clube Pinheiros, SÃ£o P"]
[Date "2015.05.02"]
[Round "5.4"]
[White "Da Silva Junior, Sediney Mari"]
[Black "Brandao, Renan Alves"]
[Result "1-0"]
[WhiteElo "1970"]
[BlackElo "2113"]
[PlyCount "119"]
[EventDate "2015.04.30"]

1. e4 c5 2. c3 Nf6 3. e5 Nd5 4. d4 cxd4 5. Nf3 g6 6. cxd4 Bg7 7. Bc4 Nb6 8. Bb3
O-O 9. O-O d6 10. Bf4 dxe5 11. Nxe5 N8d7 12. Qf3 Nf6 13. Nc3 e6 14. Rfd1 Nfd5
15. Bd2 Qd6 16. Ne4 Qe7 17. Rac1 f6 18. Nc4 Nxc4 19. Bxc4 Rd8 20. Bb3 b6 21.
Qe2 Bb7 22. Nc3 Rd7 23. Ba4 Rc7 24. Bb3 Rd7 25. Re1 Kf7 26. Nxd5 Bxd5 27. Bxd5
Rxd5 28. Rc7 Rd7 29. Rc6 Re8 30. a3 Rxd4 31. Bb4 Qd7 32. Rec1 Kg8 33. Rc7 Qd5
34. Rxa7 Bh6 35. Rf1 Bd2 36. Bxd2 Rxd2 37. Qe3 Qd8 38. Qh6 Rd7 39. Rxd7 Qxd7
40. Qe3 b5 41. Re1 Kf7 42. Qh6 Kg8 43. Qe3 Kf7 44. g3 Rc8 45. Rc1 Rxc1+ 46.
Qxc1 e5 47. Qc2 f5 48. b3 h5 49. a4 bxa4 50. bxa4 Qd4 51. Qc7+ Kf6 52. a5 Qd1+
53. Kg2 e4 54. Qc3+ Ke6 55. a6 Qa4 56. Qc8+ Kf6 57. Qd8+ Kg7 58. Qc7+ Kf6 59.
a7 Qb3 60. Qd8+ 1-0

[Event "Campeonato Brasileiro Amador 2015"]
[Site "Esporte Clube Pinheiros, SÃ£o P"]
[Date "2015.05.02"]
[Round "5.5"]
[White "Desideri, Ricardo Maruchi"]
[Black "Abdalla, Jose Lucas Aurelli"]
[Result "0-1"]
[WhiteElo "1965"]
[BlackElo "2096"]
[PlyCount "40"]
[EventDate "2015.04.30"]

1. e4 c5 2. Nf3 g6 3. d4 cxd4 4. Qxd4 Nf6 5. e5 Nc6 6. Qa4 Nd5 7. Qe4 Nc7 8.
Bf4 Ne6 9. Bc4 Bg7 10. Bxe6 dxe6 11. h4 Qb6 12. Nbd2 Qxb2 13. O-O Qb6 14. Nb3
Qc7 15. Rad1 b6 16. Nfd4 Bb7 17. Nb5 Qc8 18. Qe3 O-O 19. h5 Nb4 20. Bh6 Qc6 0-1

[Event "Campeonato Brasileiro Amador 2015"]
[Site "Esporte Clube Pinheiros, SÃ£o P"]
[Date "2015.05.02"]
[Round "5.6"]
[White "Coutinho, Sidnei Bissacot"]
[Black "Tacconi Da Silva, Lucas"]
[Result "1-0"]
[WhiteElo "2078"]
[BlackElo "1979"]
[PlyCount "67"]
[EventDate "2015.04.30"]

1. e4 e6 2. d4 d5 3. Nd2 dxe4 4. Nxe4 Nd7 5. Nf3 Ngf6 6. Bg5 h6 7. Bh4 Be7 8.
Nxf6+ Nxf6 9. Bd3 c5 10. dxc5 Qa5+ 11. c3 Qxc5 12. O-O O-O 13. Qe2 Rb8 14. Ne5
Nd7 15. Nxd7 Bxd7 16. b4 Qxc3 17. Bxe7 Rfe8 18. Bd6 Rbc8 19. Be5 Qxb4 20. Rab1
Qa5 21. Qe4 f5 22. Qd4 Bc6 23. Rfe1 Rcd8 24. Qe3 Qd5 25. Qg3 g5 26. Bf1 Qxa2
27. h4 Kf7 28. hxg5 Rg8 29. Bf6 Rd2 30. Qh4 Rg6 31. Bc4 Rxf2 32. Bxa2 Rxa2 33.
Rb2 Ra4 34. Rxb7+ 1-0

[Event "Campeonato Brasileiro Amador 2015"]
[Site "Esporte Clube Pinheiros, SÃ£o P"]
[Date "2015.05.02"]
[Round "5.7"]
[White "Rapouso, Ricardo Luis Borba"]
[Black "Pinto, Rendrex Lopes"]
[Result "0-1"]
[WhiteElo "1936"]
[BlackElo "2072"]
[PlyCount "58"]
[EventDate "2015.04.30"]

1. d4 Nf6 2. c4 c5 3. d5 b5 4. cxb5 a6 5. bxa6 Bxa6 6. Nc3 d6 7. f4 g6 8. Nf3
Bg7 9. e4 Bxf1 10. Rxf1 O-O 11. e5 dxe5 12. fxe5 Ng4 13. Qe2 Na6 14. Bf4 Nb4
15. Qd2 c4 16. h3 Nd3+ 17. Ke2 Rb8 18. b3 Ngxe5 19. Nxe5 Nxe5 20. Qe3 Qc7 21.
Rac1 cxb3 22. Na4 Qd7 23. Bxe5 Bxe5 24. Qxe5 Qxa4 25. Rxf7 Qb5+ 26. Kd2 Rxf7
27. Qe6 bxa2 28. Rc8+ Rxc8 29. Qxc8+ Kg7 0-1

[Event "Campeonato Brasileiro Amador 2015"]
[Site "Esporte Clube Pinheiros, SÃ£o P"]
[Date "2015.05.02"]
[Round "5.8"]
[White "Dias, Joao Batista"]
[Black "Siqueira Gomes, Gustavo"]
[Result "1/2-1/2"]
[WhiteElo "1824"]
[BlackElo "2045"]
[PlyCount "75"]
[EventDate "2015.04.30"]

1. e4 c5 2. f4 e6 3. Nf3 Nc6 4. Be2 d5 5. d3 Nge7 6. O-O g6 7. c3 Bg7 8. Na3
Rb8 9. Bd2 b5 10. Nc2 b4 11. Rb1 O-O 12. Ne3 Ba6 13. Ng4 bxc3 14. Bxc3 Bxc3 15.
bxc3 Rxb1 16. Qxb1 dxe4 17. Nf6+ Kg7 18. Nxe4 Qa5 19. Qa1 Rd8 20. Ne5 f6 21.
Nxc6 Nxc6 22. Rb1 Ne7 23. c4 Rd4 24. Qb2 Qc7 25. Qb8 Qxb8 26. Rxb8 Bxc4 27.
Nxc5 Bxa2 28. Rb7 Kf7 29. Rxa7 Bd5 30. g3 Rb4 31. Kf2 Rb2 32. Ne4 h6 33. h4 Rb6
34. h5 g5 35. fxg5 fxg5 36. Nc3 Bb7 37. Bg4 Nc6 38. Ra4 1/2-1/2

[Event "Campeonato Brasileiro Amador 2015"]
[Site "Esporte Clube Pinheiros, SÃ£o P"]
[Date "2015.05.02"]
[Round "5.9"]
[White "Pomar, Marcelo Nascimento"]
[Black "Dos Reis, Leandro Aparecido C"]
[Result "1-0"]
[WhiteElo "2024"]
[BlackElo "1940"]
[PlyCount "51"]
[EventDate "2015.04.30"]

1. e4 a6 2. d4 b5 3. Nf3 Bb7 4. Bd3 e6 5. O-O Nf6 6. Re1 d6 7. a4 b4 8. Nbd2
Nbd7 9. Nb3 c5 10. c4 Be7 11. e5 Ng8 12. exd6 Bxd6 13. d5 e5 14. Nxe5 Nxe5 15.
f4 f6 16. fxe5 fxe5 17. Qh5+ Kf8 18. Bg5 Nf6 19. Rf1 Be7 20. Rxf6+ Bxf6 21.
Nxc5 Bc8 22. Rf1 Qb6 23. Be3 Ke7 24. a5 Qd8 25. Ne4 Qe8 26. Bc5+ 1-0

[Event "Campeonato Brasileiro Amador 2015"]
[Site "Esporte Clube Pinheiros, SÃ£o P"]
[Date "2015.05.02"]
[Round "5.10"]
[White "Queiroz, Alberto Becker"]
[Black "Mendes, Rodrigo Machado"]
[Result "1-0"]
[WhiteElo "2164"]
[BlackElo "1918"]
[PlyCount "77"]
[EventDate "2015.04.30"]

1. e4 e5 2. f4 exf4 3. Nf3 Be7 4. Nc3 Bh4+ 5. Ke2 Be7 6. d4 g5 7. Kf2 d6 8. Bc4
Bg4 9. h4 gxh4 10. Bxf4 Nd7 11. Qd2 Nb6 12. Bb3 h3 13. gxh3 Bh4+ 14. Kg2 Bxf3+
15. Kxf3 Qf6 16. Raf1 O-O-O 17. Ke2 Qg6 18. Kd1 Nf6 19. Qd3 d5 20. Rhg1 Qh5+
21. Qe2 dxe4 22. Qxh5 Rxd4+ 23. Ke2 Nxh5 24. Be5 Rhd8 25. Bxd4 Rxd4 26. Rg8+
Rd8 27. Rxd8+ Kxd8 28. Nxe4 f6 29. Rf5 Ng7 30. Rf4 f5 31. Rxh4 fxe4 32. Rxh7
Nf5 33. h4 Nd7 34. h5 Nf6 35. Rh8+ Ke7 36. h6 Ng4 37. h7 Nd4+ 38. Ke1 Nf3+ 39.
Kd1 1-0

[Event "Campeonato Brasileiro Amador 2015"]
[Site "Esporte Clube Pinheiros, SÃ£o P"]
[Date "2015.05.02"]
[Round "5.11"]
[White "Rocha, Arthur Ferreira"]
[Black "De Moura, Sergio Jovelino"]
[Result "0-1"]
[WhiteElo "1943"]
[BlackElo "2147"]
[PlyCount "146"]
[EventDate "2015.04.30"]

1. b4 Nf6 2. Bb2 e6 3. a3 d5 4. e3 Be7 5. c4 O-O 6. Nf3 b6 7. Be2 Bb7 8. O-O
Nbd7 9. cxd5 Nxd5 10. d3 Bf6 11. Qc2 Bxb2 12. Qxb2 c5 13. b5 a6 14. bxa6 Bxa6
15. g3 Ra7 16. e4 Nc7 17. Nbd2 Qa8 18. Rfc1 Re8 19. e5 Bb7 20. d4 Na6 21. Qb5
Bc6 22. Qd3 cxd4 23. Ng5 Nf8 24. Nge4 Nc5 25. Nxc5 bxc5 26. Nc4 Bb5 27. Bf3 Qb8
28. Qe4 Bxc4 29. Rxc4 Nd7 30. Rb1 Qxe5 31. Qc6 Qc7 32. Rxc5 Qxc6 33. Rxc6 Ne5
34. Rb3 d3 35. Be4 Nxc6 36. Bxc6 Rd8 37. Bf3 d2 38. Bd1 Ra5 39. Kf1 Re5 40. Re3
Rxe3 41. fxe3 Kf8 42. Ke2 Ke7 43. a4 Rd6 44. a5 Kd8 45. Bc2 Kc7 46. Kd1 h6 47.
Ba4 f6 48. Bb5 Rd5 49. Bc4 Rxa5 50. Bxe6 Re5 51. Bg4 Rxe3 52. Kxd2 Re5 53. Be2
Kd6 54. Ke1 Kc5 55. Kf2 Kd4 56. Bf3 Kd3 57. Bg4 f5 58. Bh5 Kd2 59. h3 g5 60.
Bg6 Ra5 61. Bh5 Kd3 62. Bg6 Kd4 63. Bf7 Rc5 64. Bb3 Ke5 65. Bd1 Rc3 66. Bf3 f4
67. g4 Kd4 68. Be2 Rxh3 69. Bf3 Rh2+ 70. Bg2 Rxg2+ 71. Kxg2 Ke3 72. Kh2 Kf2 73.
Kh3 Kf3 0-1

[Event "Campeonato Brasileiro Amador 2015"]
[Site "Esporte Clube Pinheiros, SÃ£o P"]
[Date "2015.05.02"]
[Round "5.12"]
[White "Lisboa Torres, Eduardo"]
[Black "Bruce, Shannon Hill"]
[Result "0-1"]
[WhiteElo "1941"]
[BlackElo "2111"]
[PlyCount "79"]
[EventDate "2015.04.30"]

1. d4 c5 2. d5 Nf6 3. c4 e6 4. Nc3 exd5 5. cxd5 d6 6. Bf4 g6 7. e4 a6 8. Qa4+
Bd7 9. Bb5 Nh5 10. Be3 Bg7 11. Bxd7+ Nxd7 12. g4 b5 13. Qc2 Nhf6 14. h3 b4 15.
Nb1 h6 16. Nd2 Nb6 17. a3 a5 18. Ne2 O-O 19. axb4 axb4 20. O-O Qe7 21. Ng3 Ra7
22. g5 hxg5 23. Bxg5 Rfa8 24. Rxa7 Qxa7 25. Nc4 Nxc4 26. Qxc4 Nd7 27. Bc1 Qa2
28. Qe2 Bd4 29. Kg2 Qa6 30. Qg4 Nf6 31. Qg5 Qd3 32. Re1 Re8 33. f3 Nh7 34. Qh6
Qc2+ 35. Re2 Qd1 36. h4 Qg1+ 37. Kh3 Be5 38. Bf4 Bg7 39. Be3 Qd1 40. Rd2 0-1

[Event "Campeonato Brasileiro Amador 2015"]
[Site "Esporte Clube Pinheiros, SÃ£o P"]
[Date "2015.05.02"]
[Round "5.13"]
[White "Maia, Jonathan Cesar"]
[Black "Silva, Lucas Henrique Da"]
[Result "0-1"]
[WhiteElo "1940"]
[BlackElo "2100"]
[PlyCount "72"]
[EventDate "2015.04.30"]

1. Nf3 Nf6 2. g3 e6 3. c4 c5 4. Bg2 Nc6 5. O-O Be7 6. Nc3 O-O 7. b3 a6 8. d4
cxd4 9. Nxd4 Qa5 10. Bb2 Rb8 11. a3 Qh5 12. e3 Qg6 13. Rc1 Ne5 14. e4 Rd8 15.
Qc2 d6 16. h3 Bd7 17. Rfd1 h5 18. f4 Nc6 19. e5 Qxc2 20. Nxc2 dxe5 21. Bxc6
Bxc6 22. fxe5 Nd7 23. Ne2 Bg5 24. Nf4 h4 25. Kh2 Nc5 26. Nd4 Be4 27. b4 Bxf4
28. gxf4 Nd3 29. Rc2 Nxf4 30. Rcd2 Rbc8 31. Nf3 Rxd2+ 32. Nxd2 Rd8 33. Bc1 Bf5
34. Rf1 Ne2 35. Nf3 Nxc1 36. Rxc1 Rd3 0-1

[Event "Campeonato Brasileiro Amador 2015"]
[Site "Esporte Clube Pinheiros, SÃ£o P"]
[Date "2015.05.02"]
[Round "5.14"]
[White "Franca, Willian Bento"]
[Black "Ribeiro, Jose Joselito"]
[Result "1-0"]
[WhiteElo "2061"]
[BlackElo "1928"]
[PlyCount "41"]
[EventDate "2015.04.30"]

1. e4 c5 2. d4 cxd4 3. c3 dxc3 4. Nxc3 e6 5. Nf3 d6 6. Bc4 Be7 7. O-O Nc6 8.
Qe2 a6 9. Rd1 Qc7 10. Bf4 Nf6 11. Rac1 O-O 12. h3 b5 13. Bb3 Bb7 14. Nd5 Qa5
15. Nxe7+ Nxe7 16. Bxd6 Rfe8 17. Rc7 Qxc7 18. Bxc7 Nxe4 19. Ne5 Rac8 20. Ba5
Nf6 21. Nxf7 1-0

[Event "Campeonato Brasileiro Amador 2015"]
[Site "Esporte Clube Pinheiros, SÃ£o P"]
[Date "2015.05.02"]
[Round "5.15"]
[White "Nunes Jr, Sidney"]
[Black "Pires Da Silva, Saulo De Tarso"]
[Result "1-0"]
[WhiteElo "2044"]
[BlackElo "1925"]
[PlyCount "81"]
[EventDate "2015.04.30"]

1. d4 Nf6 2. f4 g6 3. Nf3 Bg7 4. e3 d6 5. Bd3 O-O 6. O-O Nbd7 7. e4 e5 8. fxe5
dxe5 9. Bg5 c6 10. Nbd2 h6 11. Bh4 Qc7 12. c3 exd4 13. cxd4 Nh5 14. e5 Nb6 15.
Nc4 Nxc4 16. Bxc4 Nf4 17. Nd2 Nd5 18. Qf3 g5 19. Bg3 Qb6 20. Nb3 Be6 21. Bd3 f5
22. exf6 Nxf6 23. Be5 Bg4 24. Qg3 Be6 25. Bc7 Qb4 26. Bd6 Qb6 27. Bc5 Qd8 28.
Bxf8 Qxf8 29. Nc5 Bf7 30. Kh1 Nh5 31. Qg4 Nf4 32. Rxf4 gxf4 33. Qf5 Bd5 34.
Qh7+ Kf7 35. Bg6+ Ke7 36. Re1+ Kd6 37. Bh5 f3 38. Qg6+ Kc7 39. Qg3+ Kd8 40.
Re8+ Qxe8 41. Qd6+ 1-0

[Event "Campeonato Brasileiro Amador 2015"]
[Site "Esporte Clube Pinheiros, São "]
[Date "2015.05.02"]
[Round "5.16"]
[White "Herbst Neto, Eugenio"]
[Black "Pereira, Geanfrancesco"]
[Result "0-1"]
[WhiteElo "1938"]
[BlackElo "2014"]
[PlyCount "152"]
[EventDate "2015.04.30"]

1. Nf3 d6 2. d4 f5 3. c4 Nf6 4. Nc3 g6 5. Bf4 Bg7 6. h3 O-O 7. e3 Qe8 8. Be2
Nbd7 9. O-O h6 10. h4 e5 11. dxe5 dxe5 12. Bg3 c6 13. Qd6 Nh7 14. Qd2 g5 15.
Ne1 Nhf6 16. hxg5 hxg5 17. f3 Nh5 18. Bh2 f4 19. Ne4 Qe7 20. Nd3 Nb6 21. Ndf2
Be6 22. b3 Rad8 23. Qc3 Rf7 24. Rad1 Rdf8 25. Nd6 Rf6 26. e4 Rh6 27. c5 Nd7 28.
Ng4 Bxg4 29. fxg4 Nhf6 30. Nf5 Qxc5+ 31. Qxc5 Nxc5 32. Nxh6+ Bxh6 33. Bf3 Ne6
34. Rc1 Rd8 35. Rfd1 Nd4 36. Kf1 Bf8 37. Bg1 Ba3 38. Rb1 a5 39. Bf2 Kf7 40. Be1
Ra8 41. Bc3 c5 42. Rd2 Ke6 43. Bxd4 cxd4 44. Rc2 Kd6 45. Rd1 Nd7 46. Kf2 Rh8
47. Be2 Nc5 48. Kf3 Kc6 49. Bc4 b5 50. Be2 Kb6 51. b4 axb4 52. Bd3 Na4 53. Be2
Bb2 54. Bd3 Bc3 55. Rb1 Nc5 56. Rd1 Rh4 57. Be2 Nd7 58. Rcc1 Nc5 59. Rh1 Rxh1
60. Rxh1 d3 61. Bd1 Kc7 62. Rh5 Ne6 63. Rh7+ Kd6 64. Rh6 Kd7 65. Rh7+ Ke8 66.
Rh5 Be1 67. g3 Bxg3 68. Bb3 Nd4+ 69. Kg2 Bh4 70. Rh8+ Kd7 71. Rh7+ Kd6 72. Bd1
b3 73. axb3 Kc5 74. Re7 Kb4 75. Rxe5 Kc3 76. Rd5 Nc2 0-1

[Event "Campeonato Brasileiro Amador 2015"]
[Site "Esporte Clube Pinheiros, São "]
[Date "2015.05.02"]
[Round "5.17"]
[White "Lopes, Marcelo Ferreira"]
[Black "Duailibe, Ricardo Miguel"]
[Result "1/2-1/2"]
[WhiteElo "2004"]
[BlackElo "1922"]
[PlyCount "244"]
[EventDate "2015.04.30"]

1. e4 e5 2. Nf3 Nc6 3. Bb5 a6 4. Ba4 Nf6 5. d3 d6 6. O-O Be7 7. c3 O-O 8. Nbd2
Re8 9. Re1 Bf8 10. Nf1 g6 11. a3 Bg7 12. Bb3 h6 13. Ng3 Qe7 14. h3 Be6 15. Bxe6
Qxe6 16. Nh2 Nh7 17. Qg4 Nf8 18. Qh4 Qe7 19. Qxe7 Nxe7 20. Ng4 Kh7 21. Ne2 f5
22. Ne3 f4 23. Nc2 Ne6 24. b4 Rf8 25. f3 g5 26. Bb2 h5 27. d4 g4 28. hxg4 hxg4
29. dxe5 dxe5 30. Rad1 Kg6 31. Rd7 Bf6 32. Kf1 Ng5 33. Ng1 Rh8 34. fxg4 Rh2 35.
Kf2 Rah8 36. Re2 R8h4 37. Ne1 Rxg4 38. Kf1 Nc8 39. Nef3 Nxf3 40. Nxf3 Rh1+ 41.
Kf2 c6 42. c4 Nb6 43. Rxb7 Nxc4 44. Rc7 Ne3 45. Rxe3 fxe3+ 46. Kxe3 Rxg2 47.
Bxe5 Rc2 48. Bxf6 Kxf6 49. e5+ Kg6 50. Kd3 Rcc1 51. Nd4 Rcd1+ 52. Kc3 Rc1+ 53.
Kb3 Rh3+ 54. Ka4 Rc4 55. Rxc6+ Rxc6 56. Nxc6 Kf5 57. Nb8 a5 58. b5 Kxe5 59.
Nc6+ Kd5 60. Nxa5 Kc5 61. Nb7+ Kb6 62. Nd6 Rh4+ 63. Kb3 Kc5 64. Nf5 Rh3+ 65.
Ka4 Rf3 66. Ng7 Rf4+ 67. Ka5 Rf6 68. a4 Rg6 69. Nf5 Rg8 70. Ka6 Ra8+ 71. Kb7
Rxa4 72. b6 Rb4 73. Kc7 Rxb6 74. Nd4 Rf6 75. Nb3+ Kd5 76. Na5 Rf7+ 77. Kb6 Rf3
78. Kb5 Rf7 79. Kb4 Rc7 80. Kb5 Rc2 81. Kb4 Rb2+ 82. Kc3 Ra2 83. Nb3 Rh2 84.
Kb4 Rc2 85. Na5 Rc8 86. Nb3 Rc4+ 87. Kb5 Rg4 88. Na5 Rg5 89. Kb4 Rg8 90. Nb3
Rb8+ 91. Kc3 Rb5 92. Nd2 Rb8 93. Kd3 Rh8 94. Nf3 Ra8 95. Nd2 Ra3+ 96. Ke2 Kd4
97. Nf3+ Ke4 98. Nd2+ Kf4 99. Kf2 Ra2 100. Ke2 Ra3 101. Kf2 Re3 102. Nf1 Re8
103. Nd2 Re7 104. Nf1 Rd7 105. Ke2 Ra7 106. Nd2 Ra3 107. Kf2 Rh3 108. Ke2 Rc3
109. Kf2 Ke5 110. Nf3+ Ke4 111. Nd2+ Kf4 112. Ke2 Ke5 113. Kf2 Rc8 114. Nf1 Ra8
115. Ke2 Ke4 116. Nd2+ Kd4 117. Nf3+ Kc3 118. Ke3 Rf8 119. Ke4 Re8+ 120. Ne5
Kd2 121. Kd4 Ke2 122. Ke4 Re7 1/2-1/2

[Event "Campeonato Brasileiro Amador 2015"]
[Site "Esporte Clube Pinheiros, São "]
[Date "2015.05.02"]
[Round "5.18"]
[White "Ikejiri, Daniel Yoshito"]
[Black "Guimaraes, Artemis Pamela"]
[Result "1-0"]
[WhiteElo "1881"]
[BlackElo "1963"]
[PlyCount "127"]
[EventDate "2015.04.30"]

1. e4 e5 2. Nc3 Nf6 3. Bc4 Nc6 4. d3 Be7 5. f4 d6 6. h3 O-O 7. f5 Nd4 8. g4 h6
9. h4 d5 10. Nxd5 Nxd5 11. Bxd5 Bxh4+ 12. Kf1 c6 13. Bb3 Nxb3 14. axb3 Be7 15.
Nf3 f6 16. Be3 c5 17. Qd2 Bd6 18. Ke2 Kf7 19. Rh3 Ke7 20. Nh4 Kd7 21. Ng6 Rg8
22. Qc3 b6 23. Qc4 Bb7 24. Rhh1 a5 25. Rhd1 Kc7 26. b4 axb4 27. Rxa8 Qxa8 28.
Qf7+ Kc6 29. Qe6 Qe8 30. Ne7+ Qxe7 31. Qxg8 b5 32. Ra1 Kb6 33. Qa2 Bc7 34. Qb3
Kc6 35. Qg8 Bb6 36. Qh7 c4 37. Bxb6 Kxb6 38. Qg8 cxd3+ 39. cxd3 Qc7 40. Qe6+
Bc6 41. Rc1 Kb7 42. Rc2 Qd7 43. Qg8 h5 44. gxh5 b3 45. Rc3 Qe8 46. Qxg7+ Kb6
47. Qg6 Qe7 48. h6 b4 49. Rxc6+ Kxc6 50. h7 Qc5 51. Qxf6+ Kb5 52. h8=Q Qc2+ 53.
Ke3 Qc1+ 54. Kf3 Qf4+ 55. Kg2 Qd2+ 56. Kh3 Qxd3+ 57. Kg4 Qxe4+ 58. Kg5 Qg2+ 59.
Kh6 Qh1+ 60. Kg7 Qg2+ 61. Kf7 Qd5+ 62. Qe6 Qb7+ 63. Kf6 e4 64. Qhe8+ 1-0